000 00670cam4a220021700 4500
001 tmp15433875
003 UPRA
005 20190826180630.0
008 950814s1986 lu eng u
020 _a9282556115
035 _a(Sirsi) r106047
035 _a(UPRA)tmp15433875
040 _cUPRA
245 0 4 _aThe European community's budget.
260 _a[Luxembourg :
_bEuropean Communities,
_c1986]
504 _aBibliography.
650 0 _aBudget -- European communitites.
_xBudget -- European communitites.
_6S49278.1
710 2 _aCommission of the European Communities.
_6A998.1
949 _aHJ2094.5
_wlcc
_i-150747
_mMAIN
_tBOOK
_lON-SHELF
004 106047
999 _c169507
_d169507